[Event "SRB-chT3 East"]
[Site "Serbia"]
[Date "2017.10.14"]
[Round "9.2"]
[White "Radakovic, Stevan"]
[Black "Lazic, Milan Z"]
[Result "1/2-1/2"]
[WhiteElo "2025"]
[BlackElo "2050"]
[PlyCount "115"]
[EventDate "2017.09.03"]
[EventType "team-tourn"]
[EventRounds "11"]
[EventCountry "SRB"]
[SourceTitle "EXT 2022"]
[Source "ChessBase"]
[SourceDate "2021.10.06"]
[SourceVersion "1"]
[SourceVersionDate "2021.10.06"]
[SourceQuality "1"]

1. e4 c6 2. d4 d6 3. Bd3 e5 4. Ne2 Nf6 5. 0-0 Qc7 6. Nbc3 Bg4 7. h3 Bh5 8. Be3 Nbd7 9. Qd2 Bg6 10. f4 c5 11. dxe5 dxe5 12. f5 c4 13. fxg6 hxg6 14. Nb5 Qc6 15. Nbd4 exd4 16. Nxd4 Qc8 17. Be2 Nxe4 18. Qe1 f5 19. Bf3 Ndf6 20. c3 Bd6 21. Bg5 0-0 22. Bh4 Re8 23. Bxf6 gxf6 24. Bxe4 Rxe4 25. Qd2 Qf8 26. Kh1 Rae8 27. Rfe1 Rxe1+ 28. Rxe1 Rxe1+ 29. Qxe1 Qe7 30. Qf1 Qf7 31. Qe2 Be5 32. Nf3 Qd5 33. Qd2 Qxd2 34. Nxd2 b5 35. Kg1 Kf7 36. Kf2 g5 37. Nb1 Ke6 38. b3 Kd5 39. Kf3 f4 40. Ke2 f5 41. Kf2 a6 42. Ke2 Bf6 43. Kf3 Be5 44. Ke2 g4 45. h4 cxb3 46. axb3 a5 47. Na3 Bxc3 48. Nxb5 Bf6 49. h5 Be5 50. Na3 Ke4 51. Nc4 Bc3 52. h6 f3+ 53. gxf3+ gxf3+ 54. Kf1 Kd3 55. h7 a4 56. bxa4 Kxc4 57. Kf2 Kb4 58. Kxf3 1/2-1/2

[Event "SRB-chT3 East"]
[Site "Serbia"]
[Date "2015.10.17"]
[Round "9.23"]
[White "Lazic, Milan Z"]
[Black "Petrovic, Tijana"]
[Result "1/2-1/2"]
[WhiteElo "2066"]
[BlackElo "1807"]
[PlyCount "30"]
[EventDate "2015.09.06"]
[EventType "team-tourn"]
[EventRounds "11"]
[EventCountry "SRB"]
[SourceTitle "EXT 2022"]
[Source "ChessBase"]
[SourceDate "2021.10.06"]
[SourceVersion "1"]
[SourceVersionDate "2021.10.06"]
[SourceQuality "1"]

1. e4 c5 2. c4 d6 3. Nc3 Nf6 4. Nf3 Nc6 5. d4 cxd4 6. Nxd4 g6 7. Be2 Bg7 8. 0-0 0-0 9. Be3 Bd7 10. Rc1 Ne5 11. h3 Bc6 12. f4 Ned7 13. Bf3 Rc8 14. b4 e5 15. Nxc6 Rxc6 1/2-1/2

[Event "SRB-chT3 East"]
[Site "Serbia"]
[Date "2015.10.15"]
[Round "6.23"]
[White "Ivic, Matija"]
[Black "Lazic, Milan Z"]
[Result "1-0"]
[WhiteElo "2200"]
[BlackElo "2066"]
[PlyCount "119"]
[EventDate "2015.09.06"]
[EventType "team-tourn"]
[EventRounds "11"]
[EventCountry "SRB"]
[SourceTitle "EXT 2022"]
[Source "ChessBase"]
[SourceDate "2021.10.06"]
[SourceVersion "1"]
[SourceVersionDate "2021.10.06"]
[SourceQuality "1"]

1. c4 d6 2. d4 Nf6 3. Nc3 c6 4. e4 Qa5 5. f3 e5 6. Be3 Be7 7. Qd2 Nbd7 8. Nge2 h5 9. Nc1 Nf8 10. d5 c5 11. Rb1 Qd8 12. a3 Ng6 13. Nd3 h4 14. b4 b6 15. Rg1 Nh5 16. g3 hxg3 17. hxg3 Nxg3 18. Rxg3 Bh4 19. Bf2 Bxg3 20. Bxg3 Bd7 21. bxc5 bxc5 22. Nb5 Bxb5 23. Rxb5 a6 24. Rb2 f5 25. exf5 Nh4 26. Bxh4 Qxh4+ 27. Nf2 0-0 28. Bd3 g6 29. f6 Rxf6 30. Be4 Raf8 31. Rb3 g5 32. Kd1 Qg3 33. Kc2 Rf4 34. Rb7 Rh4 35. Rb2 Rh2 36. Kb1 Rf4 37. Qe3 g4 38. Nd3 Rxb2+ 39. Kxb2 Qh2+ 40. Kc3 Rxe4 41. fxe4 g3 42. Ne1 Qf2 43. Nc2 Qh2 44. Qg5+ Kh8 45. Ne3 Qf2 46. Kd3 Qf3 47. Qf5 Qf4 48. Ke2 Qh4 49. Qg4 Qh2+ 50. Kd3 Qf2 51. Qe2 Qg1 52. Kc2 Qh2 53. Qg2 Qh5 54. Nf5 Qh2 55. Qxh2+ gxh2 56. Ng3 Kg7 57. Kd3 Kg6 58. Ke3 Kg5 59. Kf3 Kh4 60. Kg2 1-0

[Event "SRB-chT3 East"]
[Site "Pozarevac"]
[Date "2014.10.05"]
[Round "6.16"]
[White "Lazic, Milan Z"]
[Black "Pantic, Radosav"]
[Result "1/2-1/2"]
[WhiteElo "2094"]
[BlackElo "1790"]
[PlyCount "46"]
[EventDate "2014.10.02"]
[EventType "team-swiss"]
[EventRounds "6"]
[EventCountry "SRB"]
[SourceTitle "EXT 2022"]
[Source "ChessBase"]
[SourceDate "2021.10.06"]
[SourceVersion "1"]
[SourceVersionDate "2021.10.06"]
[SourceQuality "1"]

1. e4 c5 2. Nf3 Nc6 3. d4 cxd4 4. Nxd4 d6 5. c4 g6 6. Nc3 Bg7 7. Be3 Bd7 8. Be2 Nf6 9. 0-0 0-0 10. Rc1 a6 11. b3 h6 12. f4 Kh7 13. Bf3 Rc8 14. g3 Nxd4 15. Bxd4 Bc6 16. Qd3 e5 17. Be3 Qe7 18. Nd5 Nxd5 19. exd5 Bd7 20. Rfe1 Rfe8 21. Qd2 Qf6 22. Rf1 Qe7 23. Rce1 Qf6 1/2-1/2

[Event "SRB-chT3 East"]
[Site "Pozarevac"]
[Date "2014.10.03"]
[Round "2.26"]
[White "Lazic, Milan Z"]
[Black "Petrovic, Petar R"]
[Result "1/2-1/2"]
[WhiteElo "2094"]
[BlackElo "1722"]
[PlyCount "48"]
[EventDate "2014.10.02"]
[EventType "team-swiss"]
[EventRounds "6"]
[EventCountry "SRB"]
[SourceTitle "EXT 2022"]
[Source "ChessBase"]
[SourceDate "2021.10.06"]
[SourceVersion "1"]
[SourceVersionDate "2021.10.06"]
[SourceQuality "1"]

1. e4 e5 2. Nf3 Nc6 3. Bc4 Bc5 4. 0-0 Nf6 5. c3 d6 6. d4 exd4 7. cxd4 Bb6 8. h3 h6 9. Nc3 0-0 10. Be3 Re8 11. Bd3 Bd7 12. Rc1 a6 13. Qd2 Ba5 14. d5 Ne7 15. Nd4 Ng6 16. f3 Ne5 17. Be2 Bb6 18. f4 Ng6 19. Bd3 Ba5 20. Qc2 Bxc3 21. bxc3 Nxd5 22. exd5 Rxe3 23. Bxg6 fxg6 24. Qxg6 Qe8 1/2-1/2

[Event "SRB-chT3 East"]
[Site "Serbia"]
[Date "2010.09.12"]
[Round "1.6"]
[White "Lazic, Milan Z"]
[Black "Miladinovic, Zlatko"]
[Result "1-0"]
[WhiteElo "2101"]
[BlackElo "1951"]
[PlyCount "23"]
[EventDate "2010.09.12"]
[EventType "team"]
[EventRounds "11"]
[EventCountry "SRB"]
[SourceTitle "EXT 2012"]
[Source "ChessBase"]
[SourceDate "2011.11.24"]
[SourceVersion "1"]
[SourceVersionDate "2011.11.24"]
[SourceQuality "1"]

1. e4 e5 2. Nf3 Nc6 3. d4 exd4 4. Bc4 d6 5. c3 f6 6. cxd4 Bd7 7. 0-0 Be7 8. e5 fxe5 9. dxe5 Nxe5 10. Nxe5 dxe5 11. Qd5 c6 12. Qf7# 1-0

[Event "SRB-chT2 East"]
[Site "Golubac"]
[Date "2008.10.12"]
[Round "5.2"]
[White "Cvetanovic, Uros"]
[Black "Lazic, Milan Z"]
[Result "1-0"]
[WhiteElo "2120"]
[BlackElo "2094"]
[PlyCount "97"]
[EventDate "2008.09.14"]
[EventType "team"]
[EventRounds "11"]
[EventCountry "SRB"]
[SourceTitle "EXT 2012"]
[Source "ChessBase"]
[SourceDate "2011.11.24"]
[SourceVersion "1"]
[SourceVersionDate "2011.11.24"]
[SourceQuality "1"]

1. Nc3 d5 2. e4 d4 3. Nce2 c5 4. Ng3 Nc6 5. Nf3 Nf6 6. Bc4 a6 7. a3 Bg4 8. e5 Nd5 9. h3 Bxf3 10. Qxf3 e6 11. Bxd5 Nxe5 12. Qe4 Qxd5 13. Qxd5 exd5 14. 0-0 Kd7 15. d3 f6 16. Bd2 b5 17. Rae1 g6 18. f4 Nc6 19. f5 Bd6 20. Bf4 Bxf4 21. Rxf4 g5 22. Rf2 h5 23. Re6 h4 24. Nf1 Rhf8 25. Nh2 Nd8 26. Re1 a5 27. Rfe2 Rf7 28. Ng4 Ra6 29. Kf2 b4 30. Kf3 Rd6 31. Nh6 Rh7 32. Ng8 Nc6 33. Re6 Rxe6 34. Rxe6 Ne5+ 35. Rxe5 fxe5 36. Nf6+ Ke7 37. Nxh7 c4 38. axb4 a4 39. dxc4 dxc4 40. b5 c3 41. bxc3 a3 42. b6 a2 43. b7 a1Q 44. b8Q Qf1+ 45. Kg4 Qf4+ 46. Kh5 Qxf5 47. Nxg5 dxc3 48. Qc7+ Ke8 49. Qxc3 1-0

[Event "SRB-chT3 East"]
[Site "Serbia"]
[Date "2006.10.08"]
[Round "5.1"]
[White "Zlatanovic, Zoran"]
[Black "Lazic, Milan Z"]
[Result "1/2-1/2"]
[WhiteElo "2242"]
[BlackElo "2073"]
[PlyCount "91"]
[EventDate "2006.09.10"]
[EventType "team"]
[EventRounds "11"]
[EventCountry "SRB"]
[SourceTitle "EXT 2012"]
[Source "ChessBase"]
[SourceDate "2011.11.24"]
[SourceVersion "1"]
[SourceVersionDate "2011.11.24"]
[SourceQuality "1"]

1. e4 d5 2. Nc3 dxe4 3. Nxe4 Nd7 4. Bc4 Ngf6 5. Ng3 e5 6. Qe2 Bc5 7. d3 h6 8. Bd2 0-0 9. Nf3 Re8 10. Ne4 Nxe4 11. dxe4 Nb6 12. Bb3 a5 13. a4 Be6 14. Bxe6 Rxe6 15. Qb5 Qe7 16. 0-0 c6 17. Qb3 Nd7 18. Qxb7 Rb8 19. Qa6 Rxb2 20. Bxa5 Rxc2 21. Qd3 Rb2 22. Bc3 Rb7 23. Rfb1 Rxb1+ 24. Rxb1 Nf6 25. h3 Nh5 26. Rb8+ Kh7 27. Qd8 Qxd8 28. Rxd8 Ng3 29. Kh2 Nxe4 30. Bxe5 Bxf2 31. a5 c5 32. Rd7 f6 33. Bf4 h5 34. Nd2 Nxd2 35. Rxd2 Be1 36. Rd5 g5 37. Bd2 Bf2 38. Bc3 h4 39. Rd1 Kg6 40. Ra1 Ra6 41. Ra2 Bg3+ 42. Kg1 Be5 43. Bxe5 fxe5 44. Kf2 Kf5 45. Ke3 e4 46. Ra4 1/2-1/2